Harvard business school cases to accompany Managerial statistics : (Record no. 6412)

MARC details
000 -LEADER
fixed length control field 00627nac a22001691u 4500
020 ## - INTERNATIONAL STANDARD BOOK NUMBER
International Standard Book Number 0324349289
082 ## - DEWEY DECIMAL CLASSIFICATION NUMBER
Classification number 658.4033
Item number KLI
090 ## - LOCALLY ASSIGNED LC-TYPE CALL NUMBER (OCLC); LOCAL CALL NUMBER (OCLC)
-- 6412
-- 6412
100 ## - MAIN ENTRY--PERSONAL NAME
Personal name Klibanoff, Peter
245 ## - TITLE STATEMENT
Title Harvard business school cases to accompany Managerial statistics :
Remainder of title A case-based approach /
Statement of responsibility, etc Peter Klibanoff et ...[al.]
260 ## - PUBLICATION, DISTRIBUTION, ETC. (IMPRINT)
Place of publication, distribution, etc Mason, Ohio :
Name of publisher, distributor, etc Thomson South-Western,2006
Date of publication, distribution, etc 2006
300 ## - PHYSICAL DESCRIPTION
Extent 22 p. :
Other physical details ill. ;
Dimensions 26 cm.
500 ## - GENERAL NOTE
General note distributer: Al-Ahram
511 ## - PARTICIPANT OR PERFORMER NOTE
Participant or performer note catalogued by: wesssam
650 ## - SUBJECT ADDED ENTRY--TOPICAL TERM
Topical term or geographic name as entry element Management
General subdivision statistical methods case studies
942 ## - ADDED ENTRY ELEMENTS (KOHA)
Item type Book - Borrowing
Call number prefix 658.4033KLI
Holdings
Withdrawn status Item status Damaged status Not for loan Home library Current library Shelving location Date acquired Source of acquisition Total Checkouts Full call number Barcode Date last seen Koha item type
        Central Library Central Library First floor 22/11/2007 Purchase   658.4033KLI 000007363 15/07/2025 Book - Borrowing